Jednoduché účetnictví v soukromém podnikání

Salvato in:
Dettagli Bibliografici
Autore principale: Šup, Pavel
Natura: Libro
Lingua:ceco
Pubblicazione: Frýdek-Místek Bela 1992
Edizione:1. vyd.
Serie:Abeceda podnikatele 1
Soggetti:
Tags: Aggiungi Tag
Nessun Tag, puoi essere il primo ad aggiungerne!!

MARC

LEADER 00000nam a2200000 4500
001 c001732
005 20221214085805.7
041 0 |a cze 
044 |a CZ 
245 1 0 |a Jednoduché účetnictví v soukromém podnikání  |c Pavel Šup 
250 |a 1. vyd. 
264 1 |a Frýdek-Místek  |b Bela  |c 1992 
300 |a 22 s.  |e príl. 
490 1 |a Abeceda podnikatele  |v 1 
830 0 |a Abeceda podnikatele  |v 1 
610 2 0 |a účtovníctvo jednoduché 
610 2 0 |a inventarizácia 
610 2 0 |a knihy účtovné 
610 2 0 |a uzávierka účtovná 
610 2 0 |a dokumentácia účtovná 
610 2 0 |a využitie počítačov 
100 1 |a Šup, Pavel